Normal view
MARC view
- Li, Shaojie.
Entry Personal Name
001 - CONTROL NUMBER
- control field: 53518
003 - CONTROL NUMBER IDENTIFIER
- control field: OSt
005 - DATE AND TIME OF LATEST TRANSACTION
- control field: 20240228084437.0
008 - FIXED-LENGTH DATA ELEMENTS
- fixed length control field: 240228|| aca||aabn | a|a d
040 ## - CATALOGING SOURCE
- Original cataloging agency: OSt
- Transcribing agency: OSt
100 ## - HEADING--PERSONAL NAME
- Personal name: Li, Shaojie.
- Relator term: author.
670 ## - SOURCE DATA FOUND
- Source citation: Work cat.: (OSt): Li, Shaojie. author., A capacitor-current-feedback positive active damping control strategy for LCL-type grid-connected inverter to achieve high robustness /, June 2022.
